Central Library OPAC University of Rajshahi

A history of Greece to the death of Alexander the Great / (Record no. 64245)

MARC details
000 -LEADER
fixed length control field 00688nam a2200241 a 4500
001 - CONTROL NUMBER
control field 64245
003 - CONTROL NUMBER IDENTIFIER
rucl marc code BD-RjUL
005 - DATE AND TIME OF LATEST TRANSACTION
control field 20211209081303.0
008 - FIXED-LENGTH DATA ELEMENTS--GENERAL INFORMATION
fixed length control field 170212s1952 enk 001 0 eng d
035 ## - SYSTEM CONTROL NUMBER
System control number (BD-RjUL)64375
System control number 464747
040 ## - CATALOGING SOURCE
Original cataloging agency ANL
Language of cataloging eng
Transcribing agency BD-RjUL
Modifying agency ANL
041 ## - LANGUAGE CODE
Language code of text/sound track or separate title eng
082 ## - DEWEY DECIMAL CLASSIFICATION NUMBER
Edition number 23
Classification number 938
Author mark and year BUH 1952
100 1# - MAIN ENTRY--PERSONAL NAME
Personal name Bury, J. B.,
Dates associated with a name 1861-1927.
9 (RLIN) 190791
245 12 - TITLE STATEMENT
Title A history of Greece to the death of Alexander the Great /
Statement of responsibility, etc. J.B. Bury ; revised by Russell Meiggs.
250 ## - EDITION STATEMENT
Edition statement 3rd ed.
260 ## - PUBLICATION, DISTRIBUTION, ETC. (IMPRINT)
Place of publication, distribution, etc. London :
Name of publisher, distributor, etc. Macmillan,
Date of publication, distribution, etc. 1952.
300 ## - PHYSICAL DESCRIPTION
Pagination xvii, 925 p. :
Illustrations ill. ;
Size 18 cm.
500 ## - GENERAL NOTE
General note Includes index
650 ## - SUBJECT ADDED ENTRY--TOPICAL TERM
Topical term or geographic name as entry element Greece.
9 (RLIN) 190792
942 ## - ADDED ENTRY ELEMENTS (KOHA)
Source of classification or shelving scheme Dewey Decimal Classification
Koha item type Books
Holdings
Lost status Source of classification or shelving scheme Damaged status Not for loan Collection code Permanent Location Current Location Shelving location Date acquired Source of acquisition Cost, normal purchase price Total Checkouts Full call number Date last seen Copy number Koha item type
  Dewey Decimal Classification   Not For Loan Non-fiction Central Library, University of Rajshahi Central Library, University of Rajshahi Reading Room 01/03/1955 Pak. Co-op. B.S 11.40   938 BUH 1952 12/02/2017 C-1 Books